000
00179 a2200097 4500
020
_a
051488012955
041
_a
eng
100
_a
Karon jan
245
_a
Out to Canaan
942
_c
BK
999
_c
10395
_d
10395